000 00511nam a2200181Ia 4500
005 20250508152638.0
008 008 250505s9999 xx 000 0 eng d
037 _aTextual
040 _aFEDL
_beng
_cFEDL
041 _aeng
_2eng
084 _a607.73, HEN
_qFEDL
100 _aHenninger G Ross
_9762046
245 0 _aTechnical institute in America
260 _aNew York, USA
_bMcGraw-Hill Book Company
_c1959
300 _a276p.
942 _cTEXL
_h607.73, HEN
999 _c1337781
_d1337781